Sarmiento y la marina de guerra /
Guardado en:
| Autor Principal: | |
|---|---|
| Formato: | Libro |
| Publicado: |
Buenos Aires :
Secretaría de Estado de Marina
|
| Materias: | |
| Etiquetas: |
Agregar Etiqueta
Sin Etiquetas, Sea el primero en etiquetar este registro!
|
| LEADER | 00511nam a22001695a 4500 | ||
|---|---|---|---|
| 001 | CEM.cems011617 | ||
| 005 | 20071022112829.0 | ||
| 008 | 130507b######################000#0#####d | ||
| 003 | CEMS | ||
| 082 | 0 | 4 | |a 923 |
| 100 | 1 | |a Ratto, Héctor R. | |
| 245 | 1 | 0 | |a Sarmiento y la marina de guerra / |c Héctor R. Ratto |
| 260 | |a Buenos Aires : |b Secretaría de Estado de Marina | ||
| 300 | |a 345 p. | ||
| 653 | |a Biografías | ||
| 653 | |a Sarmiento, domingo f.-biografía | ||
| 859 | |a CEMS |b BIB. CEMS - 11 de abril |h 923 |i SA74R |p 9646.81 |t Ej.1 | ||
